00606nam a2200169 a 450000100100000000500170001000800410002702000140006804000250008208200150010710000200012224501480014226000350029030000380032550000470036350400260041000003997620201002033837.0130801s1968 enka 000 0 spa d z356007634 aDO-SdBNPbspacBNPHU axxxbS855L1 aStierlin, Henri10aLiving architecture :bancient Mexican /cText and photographs by Henri Stierlin. Pref. by Vladimir Kaspe. English translation: Marion Shapiro. aLondonaMacdonald & Co,c1968. a192 P. :billus., maps. ;c22 cm. aCover title: Ancient Mexican architecture. aBibliography : p. 189